[Event "II 2018"]
[Site "SchemingMind.com"]
[Date "2018.08.21"]
[Round "-"]
[White "Apocalypse"]
[Black "Keithk"]
[Result "1-0"]
[WhiteCountry "USA"]
[BlackCountry "ENG"]
[WhiteElo "2402"]
[WhiteRD "94"]
[BlackElo "2549"]
[BlackRD "69"]
[GameID "431600"]

1. d4 d5 2. Nc3 Nf6 3. Bg5 Nbd7 4. Qd3 h6 5. Bh4 c5 6. dxc5 e6 7. O-O-O Nxc5 8. Qd4 Be7 9. e3 a6 10. Kb1 b5
11. Bxf6 gxf6 12. f3 h5 13. Nge2 b4 14. Qxb4 Nd3 15. Qh4 Nxb2 16. Kxb2 f5 17. Qe1 Qb6+ 18. Ka1 Qxe3 19. Nd4 Qxe1 20. Rxe1 h4
21. Nd1 Rg8 22. Re2 Bd7 23. c3 Rb8 24. f4 a5 25. Rf2 Bf6 26. Rg1 Ke7 27. Rd2 Ba4 28. Nb2 Bd7 29. Nd1 Ba4 30. Ba6 Rb6
31. Nb2 Bd7 32. Be2 Rb7 33. Bf3 Rc7 34. Rc1 Rgc8 35. Nd1 Bg7 36. Rd3 Bh6 37. g3 Bg7 38. Be2 Bxd4 39. Rxd4 hxg3 40. hxg3 Rg8
41. c4 Rxg3 42. Rc3 Rg1 43. Kb2 dxc4 44. Ne3 Rh1 45. Nxc4 Rh2 46. Rd2 Rb7+ 47. Rb3 Rxb3+ 48. axb3 Rf2 49. Nxa5 Bb5 50. Nc4 Rxf4
51. Ka3 Rf2 52. Kb4 Bc6 53. Kc5 Be4 54. Bd1 Rf1 55. b4 f4 56. Ne5 Rg1 57. Rd4 f5 58. Rd2 Kf6 59. Kd6 Rf1 60. b5 f3
61. b6 Bb7 62. Nd3 Be4 63. Nf2 Ba8 64. Rb2 Rg1 65. b7 Bxb7 66. Rxb7 Rg2 67. Rb2 Rg8 68. Bxf3 Rd8+ 69. Kc5 e5 70. Rb6+ Ke7
71. Bd5 Rc8+ 72. Rc6 Rxc6+ 73. Kxc6 Kf6 74. Kd6 e4 75. Nd1 Kg5 76. Ke5 Kg4 77. Ne3+ Kg5 78. Nxf5
1-0

[Event "II 2018"]
[Site "SchemingMind.com"]
[Date "2018.11.05"]
[Round "-"]
[White "Apocalypse"]
[Black "Ramesh Panwar"]
[Result "0-1"]
[WhiteCountry "USA"]
[BlackCountry "IND"]
[WhiteElo "2375"]
[WhiteRD "75"]
[BlackElo "2570"]
[BlackRD "67"]
[GameID "434314"]

1. e4 e5 2. f4 exf4 3. Nf3 Be7 4. Nc3 Bh4+ 5. Ke2 d5 6. d3 c6 7. Nxh4 Qxh4 8. Qe1 Bg4+ 9. Kd2 Qd8 10. exd5+ Ne7
11. Qe5 cxd5 12. h3 Nc6 13. Qxg7 Rg8 14. Qh6 Be6 15. Qxf4 d4 16. Ne4 Nd5 17. Qd6 Qa5+ 18. Kd1 Rg6 19. Be2 Rd8 20. Bd2 Ne3+
21. Kc1 Qb6 22. Qc5 Qc7 23. h4 b6 24. Qh5 Nb4 25. c3 Nbd5 26. Qxh7 Ke7 27. g4 Nf4 28. Re1 Qe5 29. Kb1 dxc3
0-1

[Event "II 2018"]
[Site "SchemingMind.com"]
[Date "2018.11.05"]
[Round "-"]
[White "Ramesh Panwar"]
[Black "Keithk"]
[Result "0-1"]
[WhiteCountry "IND"]
[BlackCountry "ENG"]
[WhiteElo "2493"]
[WhiteRD "87"]
[BlackElo "2562"]
[BlackRD "65"]
[GameID "434316"]

1. e4 c5 2. Nf3 d6 3. d4 cxd4 4. Nxd4 Nf6 5. Nc3 a6 6. Bg5 e6 7. f4 Qb6 8. Nb3 Be7 9. Qd2 Nbd7 10. O-O-O Qc7
11. Bxf6 Nxf6 12. g4 h6 13. Kb1 b5 14. a3 Rb8 15. Bd3 d5 16. g5 hxg5 17. fxg5 Nxe4 18. Nxe4 dxe4 19. Bxe4 b4 20. a4 Rh4
21. Rhe1 Rb6 22. Qe3 Rd6 23. Rxd6 Bxd6 24. g6 f6 25. Nd4 Bc5 26. Rd1 Rf4 27. h4 f5 28. Nc6 Bxe3
0-1

[Event "II 2018"]
[Site "SchemingMind.com"]
[Date "2018.12.07"]
[Round "-"]
[White "davidcook"]
[Black "Apocalypse"]
[Result "1/2-1/2"]
[WhiteCountry "ENG"]
[BlackCountry "USA"]
[WhiteElo "2343"]
[WhiteRD "65"]
[BlackElo "2385"]
[BlackRD "79"]
[GameID "435654"]

1. e4 c5 2. d4 cxd4 3. c3 dxc3 4. Nxc3 a6 5. Nf3 d6 6. Bc4 e6 7. O-O Nf6 8. Qe2 Nbd7 9. Nd4 b5 10. Bb3 Bb7
11. Re1 h6 12. Nxe6 fxe6 13. Bxe6 Nc5 14. Bf5 Kf7 15. b4 g6 16. Bh3 Ncd7 17. Bb2 Bg7 18. a4 Re8 19. axb5 axb5 20. Nxb5 Nxe4
21. Rac1 Re7 22. Bxg7 Kxg7 23. Nc7 Ne5 24. Ne6+ Rxe6 25. Bxe6 Ng5 26. Bg4 Kf8 27. Ra1 h5 28. h4 Rxa1 29. Rxa1 Ngf7 30. Be6 Qxh4
31. Bxf7 Kxf7 32. b5 Qd4 33. Rd1 Qb4 34. Qc2 Qc4 35. Qxc4+ Nxc4 36. Rc1 d5 37. Re1 Kf6 38. b6 d4 39. Rc1 Nd6 40. f3 d3
41. Rd1 Ba6 42. Kf2 Ke5 43. Ra1 d2 44. Ke3 Nc4+ 45. Ke2 Bc8 46. Ra8 Nxb6 47. Rb8 Ba6+ 48. Kxd2 Nd7 49. Re8+ Kf6 50. Ke3 Bf1
51. g3 Bb5 52. Kf4 g5+ 53. Ke3=
1/2-1/2

[Event "II 2018"]
[Site "SchemingMind.com"]
[Date "2018.12.07"]
[Round "-"]
[White "Ramesh Panwar"]
[Black "davidcook"]
[Result "1-0"]
[WhiteCountry "IND"]
[BlackCountry "ENG"]
[WhiteElo "2529"]
[WhiteRD "71"]
[BlackElo "2387"]
[BlackRD "61"]
[GameID "435656"]

1. d4 d5 2. c4 e6 3. Nf3 Be7 4. Nc3 Nf6 5. Bf4 O-O 6. e3 c5 7. dxc5 Bxc5 8. Qc2 Nc6 9. a3 Qa5 10. Be2 d4
11. O-O dxc3 12. b4 Qb6 13. bxc5 Qxc5 14. Bg5 Nd7 15. Qxc3 f6 16. Bh4 e5 17. Nd2 Qa5 18. Qxa5 Nxa5 19. Ne4 Nb3 20. Rad1 Ndc5
21. Nd6 Rd8 22. f4 e4 23. g4 Kf8 24. Be1 Bd7 25. Bc3 b6 26. g5 Ke7 27. Rd5 Be6 28. Nf5+ Kf7 29. Rxd8 Rxd8 30. Nxg7 Bh3
31. Bh5+ Kf8 32. gxf6 Bxf1 33. Kxf1 Nd2+ 34. Kf2 Nxc4 35. Bd4 Rd6 36. f5 Nd3+ 37. Kg3 Nce5 38. Bxe5 Nxe5 39. Ne6+ Kg8 40. Kf4 Nf7
41. Bxf7+ Kxf7 42. Ng5+ Ke8 43. Ke5 Rd2 44. Ke6 Rxh2 45. Nxe4
1-0

[Event "II 2018"]
[Site "SchemingMind.com"]
[Date "2018.12.07"]
[Round "-"]
[White "Keithk"]
[Black "davidcook"]
[Result "1/2-1/2"]
[WhiteCountry "ENG"]
[BlackCountry "ENG"]
[WhiteElo "2540"]
[WhiteRD "61"]
[BlackElo "2399"]
[BlackRD "63"]
[GameID "435657"]

1. d4 d5 2. c4 e6 3. Nf3 Be7 4. Nc3 Nf6 5. Bg5 h6 6. Bh4 O-O 7. e3 Ne4 8. Bxe7 Qxe7 9. Rc1 c6 10. Bd3 Nxc3
11. Rxc3 dxc4 12. Bxc4 Nd7 13. O-O b6 14. Bd3 c5 15. Be4 Rb8 16. Qc2 a5 17. Rc1 Bb7 18. Bxb7 Rxb7 19. dxc5 Nxc5 20. Ne5 Qf6
21. f4 Rd8= 22. a3 Qf5 23. b4 Qxc2 24. R3xc2 axb4 25. axb4 Ne4 26. Rc4 Nf6 27. Rc8 Rxc8= 28. Rxc8+ Kh7 29. Rf8 Nd5 30. Nxf7 Nxe3
31. Kf2 Nd5 32. Nd8 Rb8 33. Kf3 Nxb4 34. Ke4 Kg6 35. Nxe6 Rxf8 36. Nxf8+ Kf7 37. Nd7 b5 38. Nc5 Nc6 39. Kf5 g6+ 40. Ke4 Ke7
41. g4 h5 42. gxh5 gxh5 43. Kf5 b4 44. Kg6 Kd6 45. Nd3 Kd5 46. Nxb4+ Nxb4 47. Kxh5 Nd3 48. Kg5=
1/2-1/2

[Event "II 2018"]
[Site "SchemingMind.com"]
[Date "2019.01.05"]
[Round "-"]
[White "William Lindberg"]
[Black "Apocalypse"]
[Result "1-0"]
[WhiteCountry "USA"]
[BlackCountry "USA"]
[WhiteElo "2523"]
[WhiteRD "68"]
[BlackElo "2352"]
[BlackRD "78"]
[GameID "436462"]

1. e4 c5 2. Nf3 e6 3. Nc3 Nf6 4. e5 Nd5 5. Nxd5 exd5 6. d4 Nc6 7. dxc5 Bxc5 8. Qxd5 d6 9. exd6 Qb6 10. Qe4+ Be6
11. Qh4 Bxd6 12. Bd3 Qb4+ 13. Bd2 Qxh4 14. Nxh4 O-O-O 15. O-O Be5 16. Rfb1 Bd5 17. Bc3 Rhe8 18. Bxe5 Nxe5 19. Bb5 Nc6 20. Nf5 g6
21. Ne3 Be6 22. Re1 Rd6 23. Rad1 Kc7 24. Nd5+ Kb8 25. Nf6 Red8 26. Rxd6 Rxd6 27. Ne4 Rd8 28. Bxc6 bxc6 29. f3 Kc7 30. Kf2 Kb6
31. b3 Bf5 32. g4 Be6 33. Ng5 Bd5 34. Re7 h6 35. Nxf7
1-0

[Event "II 2018"]
[Site "SchemingMind.com"]
[Date "2019.01.01"]
[Round "-"]
[White "Keithk"]
[Black "William Lindberg"]
[Result "1/2-1/2"]
[WhiteCountry "ENG"]
[BlackCountry "USA"]
[WhiteElo "2540"]
[WhiteRD "67"]
[BlackElo "2523"]
[BlackRD "68"]
[GameID "436464"]

1. d4 Nf6 2. c4 e6 3. Nf3 Be7 4. Nc3 d5 5. Bg5 h6 6. Bh4 O-O 7. e3 b6 8. Be2 Bb7 9. Bxf6 Bxf6 10. cxd5 exd5
11. b4 c6 12. O-O Nd7 13. Qb3 a5 14. b5 a4 15. Nxa4 c5 16. Nc3 c4 17. Qb2 Be7 18. a4 Bd6 19. e4 dxe4 20. Nd2 f5
21. Nxc4 Nf6 22. Rfc1 Re8 23. a5 bxa5 24. b6 Bf4 25. Rf1 e3 26. fxe3 Bxe3+ 27. Nxe3 Rxe3 28. Na4 Rc8 29. Rae1 Qd6 30. Nc5 Rxe2
31. Rxe2 Ng4 32. Re5 Bc6 33. Rfxf5 Rb8 34. Qb3+ Kh8 35. Ne6 Nxe5 36. dxe5 Qb4 37. Qxb4 axb4 38. Nd4 Be4 39. Rf4 Bg6 40. Nc6 Rxb6
41. Nxb4 Rb5 42. Nc6 Rc5 43. Ne7 Bb1 44. e6 Re5 45. Rb4 Rxe6=
1/2-1/2

[Event "II 2018"]
[Site "SchemingMind.com"]
[Date "2018.12.31"]
[Round "-"]
[White "William Lindberg"]
[Black "Ramesh Panwar"]
[Result "0-1"]
[WhiteCountry "USA"]
[BlackCountry "IND"]
[WhiteElo "2468"]
[WhiteRD "69"]
[BlackElo "2570"]
[BlackRD "67"]
[GameID "436465"]

1. e4 e5 2. Nf3 Nc6 3. Bc4 Nf6 4. d3 Bc5 5. Bg5 O-O 6. Nc3 h6 7. Bxf6 Qxf6 8. Nd5 Qd8 9. c3 d6 10. b4 Bb6
11. a4 a6 12. Nxb6 cxb6 13. O-O Ne7 14. Qd2 Qc7 15. Rfc1 Ng6 16. Ne1 Be6 17. Bxe6 fxe6 18. Qe3 Rad8 19. c4 Rd7 20. Rc2 Rdf7
21. Rd1 Rd8 22. h3 Kh7 23. Rb1 Rdf8 24. Rbb2 Ne7 25. f3 Nc6 26. Rf2 Ne7 27. Rfd2 d5 28. Rdc2 Qd8 29. b5 a5 30. Rc1 d4
31. Qd2 Qd6 32. c5 bxc5 33. b6 Ra8 34. Rb5 Rff8 35. Rbxc5 Nc8 36. Qb2 Nxb6 37. Qb5 Rf7 38. Kh1 Ra6 39. Kh2 Qe7 40. Ra1 Qd6
41. Rac1 Ra7 42. R5c2 Re7 43. Rc5 Ra8 44. f4 exf4 45. e5 Qd8 46. Nf3 Rd7 47. Qb3 Nd5 48. Qc4 Qe8 49. Qxd4 Nb4 50. Qxf4 Nxd3
51. Qe4+ Kg8 52. Qg4 b5 53. Nd4 Nxc1 54. Rxc1 b4 55. Nxe6 Ra6 56. Nf4 Qxe5 57. Rc8+ Kh7 58. Qxd7 Qxf4+ 59. Kh1 Rd6 60. Qg4 Qxg4
61. hxg4 Rd1+ 62. Kh2 Ra1 63. Rb8 Rxa4 64. g5 hxg5 65. Kg3 Ra3+ 66. Kg4 b3 67. Kxg5 a4 68. Rb4 Ra2 69. g4 Ra1 70. Rb7 Rh1
71. Kf4 Rb1 72. Ke3 b2 73. Kd3 a3 74. Kc2 Rc1+
0-1

[Event "II 2018"]
[Site "SchemingMind.com"]
[Date "2018.12.31"]
[Round "-"]
[White "davidcook"]
[Black "William Lindberg"]
[Result "1/2-1/2"]
[WhiteCountry "ENG"]
[BlackCountry "USA"]
[WhiteElo "2399"]
[WhiteRD "63"]
[BlackElo "2478"]
[BlackRD "70"]
[GameID "436466"]

1. e4 e5 2. Nc3 Nc6 3. Bc4 Nf6 4. d3 Na5 5. Nge2 Bc5 6. O-O O-O 7. a3 Nxc4 8. dxc4 d6 9. Qd3 Be6 10. b3 b6
11. b4 Bd4 12. Nxd4 exd4 13. Qxd4 Ng4 14. Rd1 f5 15. h3 Ne5 16. exf5 Bxf5 17. Bf4 Bxc2 18. Rd2 Bf5 19. c5 Re8 20. Nb5 Nf7
21. cxd6 cxd6 22. Qb2 Qd7 23. Nxd6 Nxd6 24. Rxd6 Qf7 25. Bg3 Rad8 26. Rad1 Rxd6 27. Rxd6 Re6 28. Rxe6 Qxe6 29. Kh2 b5 30. Be5 Qd7
31. Qb3+=
1/2-1/2

[Event "II 2018"]
[Site "SchemingMind.com"]
[Date "2019.01.05"]
[Round "-"]
[White "Robert Bruce"]
[Black "Apocalypse"]
[Result "1/2-1/2"]
[WhiteCountry "SCO"]
[BlackCountry "USA"]
[WhiteElo "2384"]
[WhiteRD "68"]
[BlackElo "2352"]
[BlackRD "78"]
[GameID "436467"]

1. c4 e5 2. g3 Bc5 3. Bg2 Nc6 4. e3 d6 5. Ne2 a6 6. Nbc3 Nf6 7. d4 exd4 8. exd4 Ba7 9. b3 Rb8 10. O-O O-O
11. Qd2 Ne7 12. Bb2 Ng6 13. Nf4 Nxf4 14. Qxf4 b5 15. Nd5 bxc4 16. Nxf6+ Qxf6 17. Qxf6 gxf6 18. Rfc1 cxb3 19. Rxc7 bxa2 20. Rxa2 Bb6
21. Rc6 Re8 22. Ra1 Re2 23. Bc3 Rc2 24. Be4 Rxc3 25. Rxc3 Bxd4 26. Rxc8+ Rxc8 27. Ra4 Rc1+=
1/2-1/2

[Event "II 2018"]
[Site "SchemingMind.com"]
[Date "2019.01.04"]
[Round "-"]
[White "William Lindberg"]
[Black "Robert Bruce"]
[Result "1-0"]
[WhiteCountry "USA"]
[BlackCountry "SCO"]
[WhiteElo "2468"]
[WhiteRD "69"]
[BlackElo "2322"]
[BlackRD "69"]
[GameID "436469"]

1. e4 e5 2. Nf3 d5 3. exd5 Bd6 4. d4 exd4 5. Nxd4 c6 6. dxc6 Nxc6 7. Nxc6 bxc6 8. Nd2 Bc7 9. Bd3 Qe7+ 10. Qe2 Qxe2+
11. Bxe2 Bf5 12. Bf3 O-O-O 13. O-O Bxc2 14. Bxc6 Ne7 15. Bb5 Nf5 16. Nb3 Bd3 17. Bxd3 Rxd3 18. Re1 Rhd8 19. g3 f6 20. Kg2 R8d5
21. Be3 Nxe3+ 22. Rxe3 Rxe3 23. fxe3 g5 24. Kf3 Bb6 25. Rc1+ Kd7 26. g4 Ke6 27. h3 h6 28. a4 Kf7 29. Rc4 Ke6 30. Ke2 Re5
31. e4 Kf7 32. Nd2 Re7 33. b4 Kg6 34. a5 Bd8 35. Nb1 h5 36. Nc3 Re6 37. Ke3 Ra6 38. Nd5 hxg4 39. hxg4 Rd6 40. Rc8 Kf7
41. a6 Bb6+ 42. Ke2 Ke6 43. b5 Bd4 44. Kd3 Bg1 45. Rf8 Rd7 46. Rxf6+ Ke5 47. Rf8 Rg7 48. Re8+ Kd6 49. Kc4 Kd7 50. Nf6+ Kc7
51. e5 Kb6 52. Nd5+ Ka5 53. Rf8 Ka4 54. e6 Ka3 55. e7 Rxe7 56. Nxe7 Kb2 57. Rf1 Bb6 58. Nd5 Bd8 59. Rf2+ Kc1 60. Kd3 Ba5
61. Rc2+ Kb1 62. Nc3+ Bxc3 63. Kxc3 Ka1 64. Rc1+ Ka2 65. Rd1 Ka3 66. Ra1#
1-0

[Event "II 2018"]
[Site "SchemingMind.com"]
[Date "2019.01.05"]
[Round "-"]
[White "Robert Bruce"]
[Black "Ramesh Panwar"]
[Result "1/2-1/2"]
[WhiteCountry "SCO"]
[BlackCountry "IND"]
[WhiteElo "2384"]
[WhiteRD "68"]
[BlackElo "2572"]
[BlackRD "73"]
[GameID "436470"]

1. c4 Nf6 2. g3 e6 3. Bg2 d5 4. Nf3 d4 5. O-O c5 6. e3 Nc6 7. d3 Bd6 8. Na3 dxe3 9. fxe3 a6 10. Nc2 O-O
11. b3 e5 12. e4 Bg4 13. Ne3 Bh5 14. h3 h6 15. Bd2 Re8 16. Be1 Nd4 17. g4 Bg6 18. Bh4 Be7 19. Bg3 Bd6 20. Qe1 Nh7
21. Nh4 Ng5 22. Rd1 Nge6 23. Nd5 Nf4 24. Nxf4 exf4 25. Bxf4 Bxf4 26. Rxf4 Qg5 27. Rf1 Rad8 28. Nf3 Qf6 29. Nxd4 Qxd4+ 30. Qf2 Qe5
31. h4 f6 32. Bf3 b6 33. Qh2 Qc3 34. Be2 Re5 35. Qf2 Be8 36. Qe1 Qb2 37. Bf3 Re6 38. Qd2 Qd4+ 39. Kg2 Bc6 40. Qc1 a5
41. a4 Re5 42. Qc2 Bb7 43. Rf2 Qd7 44. Qc3 Qe7 45. Qc1 Rd4 46. Kg1 Kf7 47. Be2 Kg8 48. Re1 Bc8 49. Qf4 Qd8 50. Ra1 Be6
51. Qg3 Bc8 52. Rd1 Rd7 53. Kf1 Rd4 54. Kg2 Qc7 55. Rg1 Rd8 56. Rgf1 Qb7 57. Rh1 Rd4 58. Ra1 Kh7 59. Kh2= Qe7 60. Raf1 Be6=
1/2-1/2

[Event "II 2018"]
[Site "SchemingMind.com"]
[Date "2019.01.04"]
[Round "-"]
[White "davidcook"]
[Black "Robert Bruce"]
[Result "1/2-1/2"]
[WhiteCountry "ENG"]
[BlackCountry "SCO"]
[WhiteElo "2374"]
[WhiteRD "65"]
[BlackElo "2322"]
[BlackRD "69"]
[GameID "436471"]

1. e4 e5 2. Nc3 Nf6 3. Bc4 Nxe4 4. Qh5 d5 5. Qxe5+ Be6 6. Bxd5 Nc5 7. Bf3 Nbd7 8. Qe3 c6 9. Nge2 Be7 10. d4 Na6
11. d5 Nb4 12. O-O Nxd5 13. Nxd5 Bxd5 14. Bxd5 cxd5 15. Nf4 O-O 16. Nxd5 Bd6 17. Rd1 Re8 18. Qb3 b6 19. Be3 Qh4 20. h3 Nc5
21. Qb5 Ne4 22. Qe2 Rad8 23. Rac1 Rf8 24. Qg4 Qxg4 25. hxg4=
1/2-1/2

[Event "II 2018"]
[Site "SchemingMind.com"]
[Date "2019.01.05"]
[Round "-"]
[White "Robert Bruce"]
[Black "Keithk"]
[Result "1/2-1/2"]
[WhiteCountry "SCO"]
[BlackCountry "ENG"]
[WhiteElo "2428"]
[WhiteRD "76"]
[BlackElo "2563"]
[BlackRD "66"]
[GameID "436472"]

1. d4 d5 2. Nf3 Nf6 3. e3 e6 4. Bd3 c5 5. b3 Nc6 6. O-O Bd6 7. Bb2 O-O 8. dxc5 Bxc5 9. a3 Bd6 10. Nbd2 e5
11. c4 Be6 12. Ng5 h6 13. Nxe6 fxe6 14. cxd5 exd5 15. e4 d4 16. b4 Kh8 17. Rc1 a6 18. Rc2 Ne7 19. g3 Ng6 20. Bc1 Qd7
21. Nc4 Bc7 22. Bd2 b5 23. Na5 Kh7 24. f3 Bxa5 25. bxa5 Rfc8 26. a4 bxa4 27. Rxc8 Rxc8 28. Qa1 Nh5 29. Qb1 Qh3 30. Bxa6 Ra8
31. Qb7 Rf8 32. Rf2 Nxg3 33. hxg3 a3 34. Qb3 Qxg3+ 35. Rg2 Qh3 36. Rh2 Qg3+ 37. Rg2 Qh3 38. Rh2 Qg3+ 39. Rg2
1/2-1/2